00465nam a22001697a 450000500170000001000150001702000110003203500140004303700130005708200120007010000180008224500450010026000470014527000540019230000190024670000300026520230921121218.0 aENG-138229 c390.00 aEN-121761 bDBAD/PUB a338.954 aAgrawal. K.C. aShaping India of our dreamscK.C.Agrawal aUttar Pradesh bKnowledge Books Inc.c2003 aP.O.Box-536, Sector-37 Post OfficebNOIDAe201303 a397c22cm(hbk) aVolga Kalpana Kannabiran